San Francisco 49ers: Pro Bowl Selections - Statistics

General Stats
  • This quiz has been taken 887 times
    53 since last reset
  • The average score is 29 of 136
Answer Stats
Position Amount of Selections Player % Correct
QB 7 Joe Montana
95%
TE 7 George Kittle
93%
QB 7 Steve Young
93%
QB 1 Brock Purdy
91%
WR 12 Jerry Rice
88%
DT 4 Bryant Young
81%
RB 2 Christian McCaffrey
81%
T 5 Trent Williams
81%
DE 5 Nick Bosa
77%
WR 1 Deebo Samuel
74%
LB 4 Fred Warner
74%
RB 1 Delvin Williams
72%
DE 5 Justin Smith
67%
DE 1 Aldon Smith
65%
RB 5 Frank Gore
65%
FB 2 J.D. Smith
63%
TE 2 Vernon Davis
63%
CB 1 Deion Sanders
56%
QB 3 Jeff Garcia
56%
LB 7 Patrick Willis
56%
CB 1 Eric Davis
51%
CB 9 Ronnie Lott
51%
WR 4 Terrell Owens
51%
K 2 Tommy Davis
51%
RB 4 Roger Craig
49%
WR 2 Dwight Clark
42%
DE 3 Charles Haley
37%
CB 1 Charvarius Ward
37%
FB 9 Kyle Juszczyk
37%
LB 3 NaVarro Bowman
37%
T 6 Joe Staley
35%
TE 4 Brent Jones
33%
CB 5 Jimmy Johnson
30%
QB 2 John Brodie
30%
C 2 Bill Johnson
28%
CB 1 Bruce Taylor
28%
FB 1 John Henry Johnson
28%
WR 2 John Taylor
28%
CB 1 Richard Sherman
28%
QB 4 Y.A. Tittle
28%
RB 2 Garrison Hearst
26%
P 3 Andy Lee
23%
G 3 Mike Iupati
21%
LB 1 Hardy Brown
19%
G 1 Ray Brown
19%
RB 3 Ricky Watters
19%
CB 1 Carlos Rodgers
16%
K 1 David Akers
16%
FB 3 Joe Perry
16%
G 1 Larry Allen
16%
DT 3 Michael Carter
16%
CB 1 Talanoa Hufanga
16%
CB 3 Tim McDonald
16%
CB 1 Eric Reid
14%
CB 2 Eric Wright
14%
DT 1 Javon Hargrave
14%
CB 5 Abe Woodson
12%
LB 1 Ahmad Brooks
12%
DE 6 Billy Wilson
12%
DT 3 Dana Stubblefield
12%
G 1 John Thomas
12%
LS 1 Jon Weeks
12%
G 3 Randy Cross
12%
CB 1 Antoine Bethea
9%
TE 2 Brian Jennings
9%
CB 2 Carlton Williamson
9%
CB 1 Donte Whitner
9%
DE 2 Fred Dean
9%
DT 10 Leo Nomellini
9%
CB 1 Walt Harris
9%
T 5 Bob St. Clair
7%
DE 2 Cedrick Hardman
7%
LB 1 Dave Washington
7%
LB 7 Dave Wilcox
7%
CB 4 Dwight Hicks
7%
C 4 Forrest Blue
7%
WR 4 Gene Washington
7%
G 5 Guy McIntyre
7%
RB 5 Hugh McElhenny
7%
C 2 Jesse Sapolu
7%
RB 4 Ken Willard
7%
RB 1 Vic Washington
7%
C 4 Bruce Bosley
5%
DE 1 Chris Doleman
5%
CB 1 Dave Baker
5%
FB 1 Fred Beasley
5%
T 1 Harris Barton
5%
G 2 Kevin Gogan
5%
ST 1 Luke Gifford
5%
DE 1 Tommy Hart
5%
P 2 Tom Wittum
5%
G 2 Woody Peoples
5%
DT 1 Al Carapella
2%
C 2 Bart Oates
2%
DT 1 Bob Toneff
2%
G 1 Bruno Banducci
2%
RB 1 Charlie Garner
2%
DT 2 Charlie Krueger
2%
DT 2 Cleveland Elam
2%
WR 1 Clifton McNeil
2%
WR 3 Dave Parks
2%
CB 1 Dicky Moegle
2%
CB 1 Eddie Dove
2%
DE 1 Ed Henke
2%
G 1 Elmer Collett
2%
QB 1 Frankie Albert
2%
C 2 Fred Quillan
2%
DE 3 Gordie Soltau
2%
G 3 Howard Mudd
2%
C 2 Jeremy Newberry
2%
CB 1 Jerry Mertens
2%
CB 2 Jim Cason
2%
RB 1 John David Crow
2%
RB 1 Johnny Strzykalski
2%
LB 2 Julian Peterson
2%
LB 1 Keena Turner
2%
T 1 Keith Fahnhorst
2%
LB 2 Ken Norton
2%
CB 1 Kermit Alexander
2%
LB 2 Lee Woodall
2%
T 1 Len Rohde
2%
LB 1 Marv Matuszak
2%
LB 2 Matt Hazeltine
2%
FB 1 Norm Standlee
2%
DE 1 Pierce Holt
2%
DT 1 Ray Collins
2%
G 1 Ron Stone
2%
T 1 Steve Wallace
2%
G 1 Ted Connolly
2%
TE 3 Ted Kwalick
2%
G 1 Visco Grgich
2%
T 1 Walt Rock
2%
RB 1 Wendell Tyler
2%
LB 1 Winfred Tubbs
2%
LB 1 Art Michalik
0%
CB 1 Lance Shulters
0%
No matching quizzes found
Score Distribution
Percent of People with Each Score
Percentile by Number Answered
Your Score History
You have not taken this quiz since the last reset